Más szemszögből

Bibliographic Details
Main Author: Jády, Mónika (Author)
Format: Article
Language:Hungarian
PhysicalDescription:Fotogr.
ISSN:1335-6445
Subjects:

MARC

LEADER 00000nab a2200000 a 4500
001 vtls010208472
003 SK-MaSNL
005 20260318140055.0
008 141024c2011 xo |||||||| 000 b|hun
015 |a SNBRB2011/02  |2 snkbucl 
038 |a SNKBUCL 
040 |a DSZK  |b slo  |c DSZK  |e AACR2 
041 0 |a hun 
044 |a xo  |c SK 
080 |a 159.922.7  |2 2001 
080 |a 159.947  |2 2001 
080 |a 316.346.32-053.4  |2 2001 
100 1 |a Jády, Mónika  |4 aut  |9 856590 
245 1 0 |a Más szemszögből  |c Jády Mónika 
300 |b Fotogr. 
650 0 7 |a vzdor  |2 snkbucl  |9 444018 
650 0 7 |a vzdorovitosť  |2 snkbucl  |9 692523 
650 0 7 |a deti predškolského veku  |2 snkbucl  |9 4103 
773 0 |t Katedra  |g Évf. XVIII, sz. 5 (2011), o. 13  |x 1335-6445 
852 |a SNK  |b KIS3GCP 
852 |a DSZK  |b KIS3GCP 
958 |a HU 
958 |a SK 
999 |c 1811604  |d 1813534